Matematické modelování věkových struktur historických populací

Zloženie obyvateľstva podľa veku a pohlavia v Chrudimskom kraji v polovici 17. storočia. Matematické modely. Rovnomerný model. Lineárny model.

Saved in:
Bibliographic Details
Main Author: Kačerová, Eva
Other Authors: Henzler, Jiří
Format: Book Chapter
Language:Czech
Subjects:
Tags: Add Tag
No Tags, Be the first to tag this record!

MARC

LEADER 00000naa$a2200000$$$4500
001 0093333
005 20220927121951.3
041 0 |a cze 
044 |a SK 
245 1 0 |a Matematické modelování věkových struktur historických populací  |c Eva Kačerová, Jiří Henzler 
520 |a Zloženie obyvateľstva podľa veku a pohlavia v Chrudimskom kraji v polovici 17. storočia. Matematické modely. Rovnomerný model. Lineárny model. 
610 2 0 |a štruktúra obyvateľstva 
610 2 0 |a vek 
610 2 0 |a obyvateľstvo 
610 2 0 |a populácia 
610 2 0 |a demografia 
610 2 0 |a kraje 
610 2 0 |a Česko 
610 2 0 |a história 
610 2 0 |a modelovanie matematické 
610 2 0 |a modely lineárne 
610 2 0 |a modelovanie 
610 2 0 |a modely 
100 1 |a Kačerová, Eva 
700 1 |a Henzler, Jiří